Grenzen der Männlichkeit : der Androgyn in der französischen Kunst und Kunsttheorie 1750 - 1830
Gespeichert in:
| VerfasserIn: | |
|---|---|
| Dokumenttyp: | Hochschulschrift Buch |
| Sprache: | German |
| Veröffentlicht: |
Berlin
: Reimer
, 2003
|
| Schlagwörter: | |
| Online Zugang: | Rezension Rezension Rezension |
| Bibliogr. Hinweis: | Rezensiert in:
[Rezension von: Mechthild Fend, Grenzen der Männlichkeit] |
| Verantwortlich: | Mechthild Fend |
| LEADER | 06344cam a2201213 c 4500 | ||
|---|---|---|---|
| 001 | 365047570 | ||
| 003 | DE-627 | ||
| 005 | 20260614203110.0 | ||
| 007 | tu | ||
| 008 | 030617s2003 gw ||||| m 00| ||ger c | ||
| 015 | |a 03,N24,1636 |2 dnb | ||
| 015 | |a 07,H02,3780 |2 dnb | ||
| 016 | 7 | |a 967621364 |2 DE-101 | |
| 020 | |a 9783496012863 |9 978-3-496-01286-3 | ||
| 020 | |a 3496012862 |q Pb. : EUR 49.00 |9 3-496-01286-2 | ||
| 035 | |a (DE-627)365047570 | ||
| 035 | |a (DE-603)112373100 | ||
| 035 | |a (DE-576)105602353 | ||
| 035 | |a (DE-599)GBV365047570 | ||
| 035 | |a (OCoLC)722774983 | ||
| 035 | |a (OCoLC)1078745218 | ||
| 035 | |a (OCoLC)53332331 | ||
| 035 | |a (OCoLC)237819347 | ||
| 040 | |a DE-627 |b ger |c DE-627 |e rakwb | ||
| 041 | |a ger | ||
| 044 | |c XA-DE | ||
| 050 | 0 | |a N8217.A53 | |
| 050 | 0 | |a N8217.A53 | |
| 082 | 0 | |a 704.9423 | |
| 082 | 0 | 4 | |a 700 |
| 084 | |a 46 |2 sdnb | ||
| 084 | |a 9,10 |2 ssgn | ||
| 084 | |a LH 61020 |q BVB |2 rvk |0 (DE-625)rvk/94201: | ||
| 084 | |a LH 84140 |2 rvk |0 (DE-625)rvk/95283: | ||
| 084 | |a LM 10160 |2 rvk |0 (DE-625)rvk/101006: | ||
| 084 | |a LM 10050 |2 rvk |0 (DE-625)rvk/100998: | ||
| 084 | |a LH 84123 |2 rvk |0 (DE-625)rvk/95282: | ||
| 084 | |a 20.06 |2 bkl | ||
| 084 | |a 20.23 |2 bkl | ||
| 084 | |a 20.30 |2 bkl | ||
| 084 | |a 20.70 |2 bkl | ||
| 100 | 1 | |a Fend, Mechthild |0 (DE-588)123136296 |0 (DE-627)461978415 |0 (DE-576)184298202 |4 aut | |
| 245 | 1 | 0 | |a Grenzen der Männlichkeit |b der Androgyn in der französischen Kunst und Kunsttheorie 1750 - 1830 |c Mechthild Fend |
| 264 | 1 | |a Berlin |b Reimer |c 2003 | |
| 300 | |a 254 S. |b Ill. |c 240 mm x 170 mm | ||
| 336 | |a Text |b txt |2 rdacontent | ||
| 337 | |a ohne Hilfsmittel zu benutzen |b n |2 rdamedia | ||
| 338 | |a Band |b nc |2 rdacarrier | ||
| 500 | |a Literaturverz. S. [235] - 248 | ||
| 502 | |a Zugl.: Frankfurt am Main, Univ., Diss., 1997 | ||
| 583 | 1 | |a Archivierung/Langzeitarchivierung gewährleistet |f SSG |x XA-DE-BW |2 pdager |5 DE-16 | |
| 648 | 7 | |a Geschichte 1750-1830 |2 gnd | |
| 650 | 0 | 7 | |0 (DE-588)4018202-2 |0 (DE-627)104270705 |0 (DE-576)208923209 |a Frau |2 gnd |
| 650 | 0 | 7 | |0 (DE-588)4191351-6 |0 (DE-627)105242705 |0 (DE-576)21007289X |a Hermaphrodit |2 gnd |
| 650 | 0 | 7 | |0 (DE-588)4020588-5 |0 (DE-627)106317520 |0 (DE-576)208933956 |a Gesellschaft |2 gnd |
| 650 | 0 | 7 | |0 (DE-588)4037363-0 |0 (DE-627)106237942 |0 (DE-576)209023732 |a Mann |2 gnd |
| 653 | 0 | |a Androgyny (Psychology) in art | |
| 653 | 0 | |a Art - Philosophy | |
| 653 | 0 | |a Art, French - 18th century | |
| 653 | 0 | |a Art, French - 19th century | |
| 653 | 0 | |a Erotic art - France | |
| 653 | 0 | |a Intersexuality in art | |
| 653 | 0 | |a Male nude in art | |
| 653 | 0 | |a Neoclassicism (Art) - France | |
| 655 | 7 | |a Hochschulschrift |0 (DE-588)4113937-9 |0 (DE-627)105825778 |0 (DE-576)209480580 |2 gnd-content | |
| 689 | 0 | 0 | |d g |0 (DE-588)4018145-5 |0 (DE-627)106327232 |0 (DE-576)208922857 |a Frankreich |2 gnd |
| 689 | 0 | 1 | |d s |0 (DE-588)4114333-4 |0 (DE-627)105822957 |0 (DE-576)209483733 |a Kunst |2 gnd |
| 689 | 0 | 2 | |d s |0 (DE-588)4130585-1 |0 (DE-627)105701505 |0 (DE-576)209620218 |a Androgynie |g Psychologie, Motiv |2 gnd |
| 689 | 0 | 3 | |d s |0 (DE-588)4340824-2 |0 (DE-627)153228997 |0 (DE-576)211417769 |a Junger Mann |g Motiv |2 gnd |
| 689 | 0 | 4 | |a z |2 gnd |a Geschichte 1750-1830 |
| 689 | 0 | |5 DE-101 | |
| 689 | 1 | 0 | |d g |0 (DE-588)4018145-5 |0 (DE-627)106327232 |0 (DE-576)208922857 |a Frankreich |2 gnd |
| 689 | 1 | 1 | |d s |0 (DE-588)4000626-8 |0 (DE-627)106400541 |0 (DE-576)208838821 |a Ästhetik |2 gnd |
| 689 | 1 | 2 | |d s |0 (DE-588)4001967-6 |0 (DE-627)104141697 |0 (DE-576)208845151 |a Androgynie |g Psychologie |2 gnd |
| 689 | 1 | 3 | |a z |2 gnd |a Geschichte 1750-1830 |
| 689 | 1 | |5 DE-101 | |
| 751 | |a Frankfurt am Main |0 (DE-588)4018118-2 |0 (DE-627)106327356 |0 (DE-576)208922695 |4 uvp | ||
| 787 | 0 | 8 | |i Rezensiert in |a Vogtherr, Christoph Martin, 1965 - |t [Rezension von: Mechthild Fend, Grenzen der Männlichkeit] |d 2004 |w (DE-627)1919526617 |
| 856 | 4 | 2 | |u https://swbplus.bsz-bw.de/bsz105602353rez.htm |m V:DE-576 |v 2005-06-06 |3 Rezension |7 1 |
| 856 | 4 | 2 | |u http://www.sehepunkte.de/2004/04/3638.html |m V:DE-576;X:Sehepunkte |q text/html |v 20180424122855 |3 Rezension |7 1 |
| 856 | 4 | 2 | |u http://scans.hebis.de/HEBCGI/show.pl?11237310_rez.pdf |m V:DE-576 |q application/pdf |3 Rezension |7 1 |
| 935 | |i Blocktest | ||
| 936 | r | v | |a LH 61020 |b Kunsttheorie und Geschichte der Kunsttheorie |k Kunstgeschichte |k Allgemeines. Allgemeine Kunstgeschichte |k Theorie und Praxis der Bildenden Kunst |k Theorie der Bildenden Kunst |k Kunsttheorie und Geschichte der Kunsttheorie |0 (DE-627)1270641891 |0 (DE-625)rvk/94201: |0 (DE-576)200641891 |
| 936 | r | v | |a LH 84140 |b Akt |k Kunstgeschichte |k Allgemeines. Allgemeine Kunstgeschichte |k Kunstgeschichte einzelner Gattungen der Kunst |k Ikonographie, Ikonologie |k Weltliche Ikonographie |k Der Mensch |k Akt |0 (DE-627)1270652877 |0 (DE-625)rvk/95283: |0 (DE-576)200652877 |
| 936 | r | v | |a LM 10160 |b Klassizismus (sowie 18. und 19. Jahrhundert) |k Kunstgeschichte |k Kunst nach Ländern bzw. Kontinenten |k Frankreich |k Französische Kunstgeschichte einzelner Epochen |k Klassizismus (sowie 18. und 19. Jahrhundert) |0 (DE-627)1271113465 |0 (DE-625)rvk/101006: |0 (DE-576)201113465 |
| 936 | r | v | |a LM 10050 |b Soziologie der französischen Kunst; Theorie, Ästhetik, Psychologie (sofern eindeutiger Bezug auf französische Kunst) |k Kunstgeschichte |k Kunst nach Ländern bzw. Kontinenten |k Frankreich |k Kunstgeschichte Frankreichs |k Soziologie der französischen Kunst; Theorie, Ästhetik, Psychologie (sofern eindeutiger Bezug auf französische Kunst) |0 (DE-627)1271113090 |0 (DE-625)rvk/100998: |0 (DE-576)201113090 |
| 936 | r | v | |a LH 84123 |b Neuzeit |k Kunstgeschichte |k Allgemeines. Allgemeine Kunstgeschichte |k Kunstgeschichte einzelner Gattungen der Kunst |k Ikonographie, Ikonologie |k Weltliche Ikonographie |k Der Mensch |k Neuzeit |0 (DE-627)1270702769 |0 (DE-625)rvk/95282: |0 (DE-576)200702769 |
| 936 | b | k | |a 20.06 |j Kunstphilosophie |j Kunsttheorie |0 (DE-627)10641433X |
| 936 | b | k | |a 20.23 |j Mensch |x Ikonographie |0 (DE-627)106406337 |
| 936 | b | k | |a 20.30 |j Kunstgeschichte: Allgemeines |0 (DE-627)106410326 |
| 936 | b | k | |a 20.70 |j Europäische Kunst: Allgemeines |0 (DE-627)106406566 |
| 936 | s | n | |a l300 |2 mzub |
| 951 | |a BO | ||
| 990 | |a Frankreich | ||
| 990 | |a Kunst | ||
| 990 | |a Androgynie | ||
| 990 | |a Junger Mann | ||
| 990 | |a Geschichte 1750-1830 | ||
| 990 | |a Frankreich | ||
| 990 | |a Ästhetik | ||
| 990 | |a Androgynie | ||
| 990 | |a Geschichte 1750-1830 | ||
| 991 | |a Rezensiertes Werk | ||
| 999 | |a KXP-PPN365047570 |e 4988427021 | ||


